Barron's Practice exercises for the TOEFL : Test of English as a foreign language

Wedi'i Gadw mewn:
Manylion Llyfryddiaeth
Prif Awdur: Sharpe, Pamela J.
Fformat: Llyfr
Iaith:Undetermined
Cyhoeddwyd: Thành phố Hồ Chí Minh Trẻ 2006
Pynciau:
Tagiau: Ychwanegu Tag
Dim Tagiau, Byddwch y cyntaf i dagio'r cofnod hwn!
Thư viện lưu trữ: Trung tâm Học liệu Trường Đại học Cần Thơ
LEADER 00715nam a2200217Ia 4500
001 CTU_195671
008 210402s9999 xx 000 0 und d
082 |a 428.0076 
082 |b S532/CD.5 
100 |a Sharpe, Pamela J. 
245 0 |a Barron's Practice exercises for the TOEFL : 
245 0 |b Test of English as a foreign language 
245 0 |c Pamela J. Sharpe ; [First News biên dịch và chú giải] 
260 |a Thành phố Hồ Chí Minh 
260 |b Trẻ 
260 |c 2006 
650 |a Test of English as a Foreign Language,English language,English language 
650 |x Examinations 
904 |i Minh 
915 |a 400 
980 |a Trung tâm Học liệu Trường Đại học Cần Thơ